Statistics for Airlines of London Heathrow - LHR

Click here to take the quiz!

General Stats

  • This quiz has been taken 5,976 times
    (4,740 since last reset)
  • The average score is 42 of 84

Answer Stats

Answer% Correct
British Airways
94%
American Airlines
92%
Emirates
89%
Delta Air Lines
88%
Air France
87%
United Airlines
86%
Lufthansa
85%
KLM
84%
Qantas
83%
Qatar airways
81%
Iberia
80%
Air Canada
78%
Aeroflot
76%
Air China
75%
Etihad Airways
73%
Aer Lingus
72%
Air India
71%
Virgin Atlantic
70%
Scandinavian Airlines
69%
TAP Portugal
69%
Turkish Airlines
69%
Swiss International AirLines
68%
Alitalia
67%
China Southern Airlines
65%
Japan Airlines
65%
LOT Polish Airlines
64%
Thai Airways
64%
Finnair
63%
Korean Air
63%
Singapore Airlines
63%
South African Airlines
63%
All Nippon Airways
62%
China Eastern Airlines
62%
LATAM
62%
Cathay Pacific
60%
Ethiopian Airlines
59%
Aeromexico
56%
Air New Zealand
56%
Austrian Airlines
55%
EgyptAir
55%
El Al
54%
Saudia
54%
Brussels Airlines
52%
Jet Airways
50%
Aegean Airlines
49%
Avianca
47%
Icelandair
47%
Royal Jordanian
47%
Kenya Airways
45%
Gulf Air
44%
Pakistan International Airlines
42%
Asiana Airlines
41%
Royal Air Maroc
41%
Vietnam Airlines
40%
EVA Air
39%
Malaysia Airlines
39%
Garuda Indonesia
38%
Kuwait Airways
37%
Oman Air
37%
Eurowings
35%
Air Serbia
29%
Air Malta
28%
Iran Air
26%
SriLankan Airlines
26%
TAROM
26%
Air Mauritius
24%
Royal Brunei Airlines
24%
Vueling
24%
Air Algerie
22%
Air Astana
22%
Biman Bangladesh Airlines
22%
Tunisair
22%
Uzbekistan airways
20%
Germanwings
19%
Croatia Airlines
18%
Philippine Airlines
18%
Azerbaijan Airlines
15%
Middle East Airlines
15%
Bulgaria Air
14%
TAM Airlines
14%
Turkmenistan Airlines
13%
Arik Air
7%
Iberia Express
6%
Libyan Airlines
3%

Score Distribution

Percentile by Number Answered

Percent of People with Each Score

Your Score History

You have not taken this quiz since the last reset